000 00351 a2200085 4500
999 _c21557
_d21557
003 WA 310
005 20211206103530.0
008 190625s2008 pl f u |000 0 pol d
040 _aWA 310
_cWA 310
041 _apol
_heng
245 0 0 _aDotyczy PN-EN 50121-1:2008 - Zastosowania kolejowe - Kompatybilność elektromagnetyczna - Część 1: Postanowienia ogólne =
_bRailway applications - Electromagnetic compatibility - Part 1: General PN-EN 50121-1:2008/AC:2008P /
_cKT nr 61.
246 1 3 _aPN-EN 50121-1:2008/AC
246 1 3 _aICS 29.280, 33.100.01, 45.020
246 1 3 _aPoprawka do Polskiej Normy
246 3 1 _aRailway applications - Electromagnetic compatibility - Part 1: General
260 _aWarszawa :
_bPKN,
_c2008.
300 _a2 strony ;
_c30 cm.
336 _aTekst
_btxt
_2rdacontent
337 _aBez urządzenia pośredniczącego
_bn
_2rdamedia
338 _aWolumin
_bnc
_2rdacarrier
500 _aWprowadza EN 50121-1:2006/corrigendum May 2008, IDT ; Zatwierdzona 12 grudnia 2008 r.
500 _aPoprawka do Normy Europejskiej EN 50121-1:2006/corrigendum May 2008 […] ma status Poprawki do Polskiej Normy.
590 _aNorma wycofana.
710 _91107
_aPolska.
_bPolski Komitet Normalizacyjny.
942 _2ddc
_cBK